[Event "Pardubice Region-chT 2223"]
[Site "Czech Republic"]
[Date "2023.03.19"]
[Round "10.6"]
[White "Svitil, Radek"]
[Black "Vodicka, Pavel"]
[Result "0-1"]
[WhiteElo "1773"]
[BlackElo "1926"]
[PlyCount "52"]
[EventDate "2022.10.09"]
[EventType "team-tourn"]
[EventRounds "11"]
[EventCountry "CZE"]
[SourceTitle "EXT 2024"]
[Source "ChessBase"]
[SourceDate "2023.10.10"]
[SourceVersion "1"]
[SourceVersionDate "2023.10.10"]
[SourceQuality "1"]

1. d4 d5 2. c4 c6 3. e3 Nf6 4. Nc3 e6 5. Nf3 Bd6 6. Bd3 dxc4 7. Bxc4 Nbd7 8. e4 Bb4 9. Qd3 b5 10. Bb3 Nc5 11. Qc2 Ncxe4 12. 0-0 Nxc3 13. bxc3 Be7 14. a4 Bb7 15. Qe2 a6 16. Ng5 Nd5 17. Nxf7 Kxf7 18. Re1 Qd7 19. Qh5+ g6 20. Qh3 Rae8 21. Bh6 Bf6 22. Bxd5 Qxd5 23. Re3 Qh5 24. Rf3 Qxh3 25. gxh3 Ke7 26. Re1 c5 0-1

[Event "Pardubice Region-chT 2223"]
[Site "Czech Republic"]
[Date "2023.02.12"]
[Round "8.7"]
[White "Svitil, Radek"]
[Black "Odstrcil, Jaromir"]
[Result "1-0"]
[WhiteElo "1773"]
[BlackElo "1781"]
[PlyCount "113"]
[EventDate "2022.10.09"]
[EventType "team-tourn"]
[EventRounds "11"]
[EventCountry "CZE"]
[SourceTitle "EXT 2024"]
[Source "ChessBase"]
[SourceDate "2023.10.10"]
[SourceVersion "1"]
[SourceVersionDate "2023.10.10"]
[SourceQuality "1"]

1. d4 c5 2. d5 e5 3. e4 d6 4. c4 f5 5. Nc3 Nf6 6. exf5 Bxf5 7. Bd3 Bxd3 8. Qxd3 Na6 9. a3 Be7 10. Nf3 0-0 11. 0-0 Nc7 12. Bg5 Nh5 13. Ne4 Nf4 14. Bxf4 Rxf4 15. b4 b6 16. bxc5 bxc5 17. Rfd1 h6 18. g3 Rf8 19. Nxe5 dxe5 20. d6 Bxd6 21. Qxd6 Qxd6 22. Rxd6 Rac8 23. Nxc5 Na8 24. Ne6 Rfe8 25. Re1 Rxc4 26. Rxe5 Nc7 27. Re3 Nxe6 28. Rdxe6 Rxe6 29. Rxe6 Ra4 30. Re3 a5 31. Kf1 Kf7 32. Ke2 Rd4 33. Rd3 Re4+ 34. Kd2 g5 35. Re3 Rc4 36. Kd3 Ra4 37. Kc2 Rd4 38. Re5 Rd6 39. g4 Ra6 40. Rf5+ Ke6 41. Kb3 a4+ 42. Kb4 Rd6 43. Kxa4 Rd4+ 44. Kb5 Rxg4 45. Rf3 Rh4 46. h3 h5 47. a4 g4 48. hxg4 hxg4 49. Rf8 Rh1 50. a5 Rb1+ 51. Ka6 Rf1 52. Rf4 Rg1 53. Kb5 Ke5 54. Rb4 Rg2 55. a6 Rxf2 56. Rxg4 Rf7 57. Ra4 1-0

[Event "Pardubice Region-chT 2223"]
[Site "Czech Republic"]
[Date "2023.01.29"]
[Round "7.5"]
[White "Panik, Tomas"]
[Black "Svitil, Radek"]
[Result "0-1"]
[WhiteElo "1751"]
[BlackElo "1773"]
[PlyCount "52"]
[EventDate "2022.10.09"]
[EventType "team-tourn"]
[EventRounds "11"]
[EventCountry "CZE"]
[SourceTitle "EXT 2024"]
[Source "ChessBase"]
[SourceDate "2023.10.10"]
[SourceVersion "1"]
[SourceVersionDate "2023.10.10"]
[SourceQuality "1"]

1. e4 e6 2. d4 d5 3. e5 c5 4. c3 Qb6 5. Nf3 Bd7 6. Bd3 Bb5 7. 0-0 Bxd3 8. Qxd3 Nc6 9. b3 h5 10. Ba3 Nh6 11. dxc5 Bxc5 12. Bxc5 Qxc5 13. b4 Qb6 14. b5 Na5 15. Nbd2 Rc8 16. Rac1 0-0 17. Nd4 Nc4 18. Rfe1 Qa5 19. N2b3 Qc7 20. f4 Qb6 21. Kh1 f6 22. Qg3 Ng4 23. Re2 fxe5 24. Nxe6 Rf7 25. Rf1 exf4 26. Rxf4 Nce5 0-1

[Event "Pardubice Czech op-B"]
[Site "Pardubice"]
[Date "2020.09.27"]
[Round "8"]
[White "Svitil, Radek"]
[Black "Kraus, Ondrej"]
[Result "0-1"]
[WhiteElo "1674"]
[BlackElo "1990"]
[PlyCount "73"]
[EventDate "2020.09.21"]
[EventType "swiss"]
[EventRounds "9"]
[EventCountry "CZE"]
[SourceTitle "CBM 198 Extra"]
[Source "ChessBase"]
[SourceDate "2020.11.30"]
[SourceVersion "1"]
[SourceVersionDate "2020.11.30"]
[SourceQuality "1"]

1. e4 Nf6 2. Nc3 d6 3. d4 g6 4. Nf3 Bg7 5. Bc4 0-0 6. 0-0 Nc6 7. h3 Nd7 8. Re1 Nb6 9. Bf1 a5 10. Bf4 Nb4 11. a3 Na6 12. Qd2 f6 13. Bh6 Be6 14. d5 Bf7 15. Nd4 Qc8 16. Be2 Bxh6 17. Qxh6 e6 18. Bg4 Qd8 19. Bxe6 Kh8 20. Re3 Qe7 21. Rg3 Rg8 22. Nce2 Nc5 23. Bxf7 Qxf7 24. Nc3 Rae8 25. Re1 f5 26. Qc1 Qf6 27. Nb3 Nxe4 28. Nxe4 fxe4 29. Nxa5 Rgf8 30. Qd2 Qxb2 31. Rb3 Qe5 32. f3 Qxd5 33. Qc3+ Kg8 34. Qxc7 exf3 35. Rxe8 f2+ 36. Kh2 Rxe8 37. Rxb6 0-1

[Event "Pardubice Czech op-B"]
[Site "Pardubice"]
[Date "2020.09.22"]
[Round "2"]
[White "Svitil, Radek"]
[Black "Koch, Stefan"]
[Result "0-1"]
[WhiteElo "1674"]
[BlackElo "1896"]
[PlyCount "84"]
[EventDate "2020.09.21"]
[EventType "swiss"]
[EventRounds "9"]
[EventCountry "CZE"]
[SourceTitle "CBM 198 Extra"]
[Source "ChessBase"]
[SourceDate "2020.11.30"]
[SourceVersion "1"]
[SourceVersionDate "2020.11.30"]
[SourceQuality "1"]

1. e4 d5 2. exd5 Qxd5 3. Nc3 Qd6 4. Nf3 Bg4 5. Bc4 e6 6. h3 Bh5 7. d3 Nf6 8. Nb5 Qd8 9. Bf4 Na6 10. 0-0 c6 11. Nc3 Nc7 12. Re1 Be7 13. Qe2 Bxf3 14. Qxf3 0-0 15. Ne4 Ncd5 16. Be5 Nd7 17. Bh2 N5b6 18. Bb3 Nc5 19. Nxc5 Bxc5 20. c3 Bd6 21. d4 Bxh2+ 22. Kxh2 Qd6+ 23. g3 Rad8 24. Re4 Nd5 25. Rae1 Qe7 26. Re5 Qf6 27. Bxd5 Rxd5 28. Qxf6 gxf6 29. Rxd5 cxd5 30. Kg2 Kg7 31. Kf3 Rc8 32. Kf4 Rc6 33. g4 b5 34. a3 a5 35. g5 fxg5+ 36. Kxg5 Rc4 37. Kf4 b4 38. axb4 axb4 39. Re3 Kf6 40. b3 Rxc3 41. Rxc3 bxc3 42. Ke3 e5 0-1

[Event "Pardubice Czech op-C 29th"]
[Site "Pardubice"]
[Date "2018.07.23"]
[Round "4"]
[White "Yazlovetskiy, Denis"]
[Black "Svitil, Radek"]
[Result "1-0"]
[WhiteElo "1927"]
[BlackElo "1757"]
[PlyCount "33"]
[EventDate "2018.07.21"]
[EventType "swiss"]
[EventRounds "9"]
[EventCountry "CZE"]
[SourceTitle "CBM 186 Extra"]
[Source "ChessBase"]
[SourceDate "2018.08.24"]
[SourceVersion "1"]
[SourceVersionDate "2018.08.24"]
[SourceQuality "1"]

1. d4 Nf6 2. c4 g6 3. Nc3 d5 4. cxd5 Nxd5 5. e4 Nxc3 6. bxc3 Bg7 7. Nf3 0-0 8. Be2 c5 9. Rb1 Nc6 10. d5 Bxc3+ 11. Bd2 Bxd2+ 12. Qxd2 Na5 13. h4 Bg4 14. h5 Bxh5 15. g4 Bxg4 16. Qh6 Bh5 17. Ng5 1-0

[Event "Pardubice Czech op-J 29th"]
[Site "Pardubice"]
[Date "2018.07.14"]
[Round "2"]
[White "Varitski, Igor"]
[Black "Svitil, Radek"]
[Result "1-0"]
[WhiteElo "2235"]
[BlackElo "1757"]
[PlyCount "101"]
[EventDate "2018.07.13"]
[EventType "swiss"]
[EventRounds "7"]
[EventCountry "CZE"]
[SourceTitle "EXT 2019"]
[Source "ChessBase"]
[SourceDate "2018.10.10"]
[SourceVersion "1"]
[SourceVersionDate "2018.10.10"]
[SourceQuality "1"]

1. e4 c6 2. d4 d5 3. Nc3 dxe4 4. Nxe4 Bf5 5. Ng3 Bg6 6. Nh3 Nd7 7. Nf4 Ngf6 8. Bc4 Nb6 9. Bb3 Nbd5 10. Nxg6 hxg6 11. Qf3 e6 12. Bg5 Qa5+ 13. Bd2 Qc7 14. c4 Nb6 15. h3 Be7 16. 0-0 0-0 17. Bf4 Qd7 18. Rad1 Rad8 19. h4 Qc8 20. h5 Nxh5 21. Nxh5 gxh5 22. Qxh5 Nd7 23. Bc2 Nf6 24. Qh4 e5 25. dxe5 Qg4 26. Qxg4 Nxg4 27. Rxd8 Rxd8 28. Rd1 Kf8 29. Rxd8+ Bxd8 30. Bf5 Nh6 31. Bc8 b6 32. Be3 c5 33. f4 Ng8 34. Kf2 Ne7 35. Bd7 Ng6 36. g3 Bc7 37. b3 Ne7 38. Kf3 g5 39. Ke4 gxf4 40. gxf4 Ng6 41. Bf5 Ne7 42. Bd7 Ng6 43. Bf2 Kg7 44. Bg3 Nf8 45. Bg4 Ne6 46. Kd5 Nd4 47. b4 Nc2 48. Kc6 Bd8 49. Kd7 Nxb4 50. Kxd8 Nxa2 51. f5 1-0

[Event "Pardubice Czech op-J 27th"]
[Site "Pardubice"]
[Date "2016.07.19"]
[Round "6"]
[White "Michalek, Michal"]
[Black "Svitil, Radek"]
[Result "1-0"]
[WhiteElo "2145"]
[BlackElo "1792"]
[PlyCount "67"]
[EventDate "2016.07.15"]
[EventType "swiss"]
[EventRounds "7"]
[EventCountry "CZE"]
[SourceTitle "EXT 2017"]
[Source "ChessBase"]
[SourceDate "2016.10.25"]
[SourceVersion "1"]
[SourceVersionDate "2016.10.25"]
[SourceQuality "1"]

1. d4 Nf6 2. c4 e6 3. Nc3 Bb4 4. e3 0-0 5. Bd3 d5 6. a3 Bxc3+ 7. bxc3 dxc4 8. Bxc4 c5 9. Ne2 Nc6 10. 0-0 Qe7 11. a4 Rd8 12. Ba3 b6 13. f4 Na5 14. Bd3 Bb7 15. Ng3 Nd5 16. Qe1 Qh4 17. c4 Ba6 18. dxc5 Nxc4 19. Bxc4 Bxc4 20. Rf3 bxc5 21. Bxc5 Rdc8 22. Bd4 Ba6 23. Qd2 Rc4 24. Ne4 Rac8 25. Rg3 f6 26. Nd6 Rc2 27. Qe1 Qh5 28. Nxc8 Bxc8 29. Rc1 Nb4 30. Rxc2 Nxc2 31. Qd2 Nxd4 32. Qxd4 Qa5 33. h3 Kf7 34. Kh2 1-0

[Event "Hradec Kralove op"]
[Site "Hradec Kralove"]
[Date "2014.10.18"]
[Round "1"]
[White "Meszaros, Ludek"]
[Black "Svitil, Radek"]
[Result "1-0"]
[WhiteElo "2119"]
[BlackElo "1712"]
[PlyCount "47"]
[EventDate "2014.10.18"]
[EventType "swiss"]
[EventRounds "9"]
[EventCountry "CZE"]
[SourceTitle "EXT 2015"]
[Source "ChessBase"]
[SourceDate "2014.11.20"]
[SourceVersion "1"]
[SourceVersionDate "2014.11.20"]
[SourceQuality "1"]

1. d4 d5 2. Nf3 Nf6 3. c4 c6 4. Nc3 e6 5. Bg5 Nbd7 6. e3 Qa5 7. Nd2 Bb4 8. Qc2 0-0 9. Be2 Re8 10. 0-0 dxc4 11. Bxf6 Nxf6 12. Nxc4 Qc7 13. Ne5 Bd6 14. f4 a6 15. Rac1 Nd5 16. Rf3 f6 17. Rh3 fxe5 18. Qxh7+ Kf8 19. fxe5 Bxe5 20. dxe5 Qxe5 21. Bh5 Rd8 22. Rf3+ Ke7 23. Rf7+ Kd6 24. Ne4+ 1-0

[Event "Hradec Kralove op"]
[Site "Hradec Kralove"]
[Date "2012.05.19"]
[Round "9"]
[White "Svitil, Radek"]
[Black "Brhlik, Antonin"]
[Result "1-0"]
[WhiteElo "1593"]
[BlackElo "1707"]
[PlyCount "39"]
[EventDate "2012.05.12"]
[EventType "swiss"]
[EventRounds "9"]
[EventCountry "CZE"]
[SourceTitle "CBM 148 Extra"]
[Source "ChessBase"]
[SourceDate "2012.06.22"]
[SourceVersion "1"]
[SourceVersionDate "2012.06.22"]
[SourceQuality "1"]

1. d4 Nf6 2. c4 g6 3. Nc3 Bg7 4. Nf3 d6 5. h3 Nbd7 6. Bf4 c5 7. e3 cxd4 8. exd4 0-0 9. Bd3 Re8 10. 0-0 Qa5 11. Re1 b6 12. Nb5 e5 13. dxe5 dxe5 14. Bd2 Qa6 15. Nc7 Qb7 16. Nxe8 Nc5 17. Nxg7 Nxd3 18. Bg5 Kxg7 19. Bxf6+ Kxf6 20. Qxd3 1-0

[Event "Hradec Kralove op"]
[Site "Hradec Kralove"]
[Date "2012.05.16"]
[Round "6"]
[White "Svoboda, Frantisek"]
[Black "Svitil, Radek"]
[Result "0-1"]
[WhiteElo "1795"]
[BlackElo "1593"]
[PlyCount "32"]
[EventDate "2012.05.12"]
[EventType "swiss"]
[EventRounds "9"]
[EventCountry "CZE"]
[SourceTitle "CBM 148 Extra"]
[Source "ChessBase"]
[SourceDate "2012.06.22"]
[SourceVersion "1"]
[SourceVersionDate "2012.06.22"]
[SourceQuality "1"]

1. Nf3 Nf6 2. g3 c5 3. Bg2 Nc6 4. 0-0 d5 5. d4 e6 6. c4 dxc4 7. Qa4 Bd7 8. Qxc4 b5 9. Qxb5 Nxd4 10. Nxd4 Bxb5 11. Nxb5 Nd5 12. Bf4 Nxf4 13. Bxa8 Nxe2+ 14. Kg2 Qxa8+ 15. f3 Qb7 16. N1c3 Nxc3 0-1